[Event "HCL-C153"]
[Site "www.playchess.de"]
[Date "2001.04.29"]
[Round "20"]
[White "Hulkster"]
[Black "Jelleyman"]
[WhiteElo "1000"]
[BlackElo "557"]
[PlyCount "46"]
[Result "0-1"]

1.e3 d5 2.Nh3 h5 3.Qf3 Bg4 4.Qg3 Nf6 5.Bb5+ c6 
6.Be2 e6 7.Bxg4 Nxg4 8.f3 Ne5 9.b3 Rh6 10.Qxe5 Nd7 
11.Qg5 Rg6 12.Qxh5 Qa5 13.Nf4 Nf6 14.Qe5 Qc5 
15.Kd1 Nd7 16.Qc7 e5 17.Nxg6 fxg6 18.Ba3 Qb6 
19.Qxb6 Nxb6 20.Bxf8 Kxf8 21.h4 Re8 22.Rh3 g5 
23.hxg5 d4 0-1

[Event "HCL-M010"]
[Site "www.playchess.de"]
[Date "2001.04.29"]
[Round "10"]
[White "babygenius"]
[Black "ARMAGEDON_8"]
[WhiteElo "2200"]
[BlackElo "2264"]
[PlyCount "52"]
[Result "0-1"]

1.e4 {let`s have fun and a exciting game from 
indiana}  c5 {I look forward to it, hello from 
Greece.}  2.Nf3 d6 3.d4 {do you play in OTB 
events?}  cxd4 {sorry, but I do not Know what OTB 
events are, can you explain me?}  4.Nxd4 {Over The 
Board events or regular chess tournaments}  Nf6 {I 
have stopped to play chess regularly.}  5.Nc3 {so 
have you played any famous GMs,IMs}  a6 {Efim 
Geller in simul, Spiridonov and Velikov from 
Bulgary and all the known greeks.}  6.Bc4 e6 7.O-O 
{so i have my hands full with you!!!!....have you 
won any}  b5 {spiridonov before 11 years.}  8.Bb3 
Be7 9.f4 O-O 10.f5 b4 {I think that the move pawn 
to f5 is over ambitious.}  11.fxe6 {maybe but it 
gives interesting possibilities for both black and 
white}  bxc3 {11.Ne2 was Fischer-Smyslov, dated 
back 1959.}  12.exf7+ {i remeber had dig it up but 
it was a dry game}  Kh8 {I hope you give me hard 
times.}  13.bxc3 Nxe4 14.Bb2 Ra7 15.Qe2 d5 16.c4 
Bc5 17.cxd5 Nd6 18.Kh1 Raxf7 19.Ne6 Bxe6 20.dxe6 
R7xf1+ 21.Rxf1 Rxf1+ 22.Qxf1 Qe7 {EVERYTHING NOE 
IS CLEARED}  23.Qd3 {NOT QUITE YET}  Qf8 24.h3 Qf2 
25.Kh2 {it`s now or never!!!!!!!!!!}  Be3 26.Be5 
Qe1 0-1

[Event "HCL-E020"]
[Site "www.playchess.de"]
[Date "2001.04.29"]
[Round "25"]
[White "Jacob"]
[Black "KARFOPOULOS"]
[WhiteElo "2041"]
[BlackElo "2600"]
[PlyCount "54"]
[Result "1/2-1/2"]

1.e4 {Hi from Esbjerg-DK}  e5 {Hello from 
Piraeus,Greece.}  2.Nf3 Nc6 3.Bb5 a6 4.Bxc6 dxc6 
5.Nc3 f6 6.d4 exd4 7.Nxd4 c5 8.Nde2 Qxd1+ 9.Nxd1 
Be6 {this variation you choose, is so old,have you 
got experience with it in tournament praxis?}  
10.Bf4 {I have seen something from Keres & 
Suetin.}  O-O-O 11.O-O {I have not played that 
before in tournament.}  Ne7 12.Ndc3 Nc6 {THIS 
VARIATION YOU CHOOSED HAS THE NAME OF KERES}  
13.b3 {I dit not know that. I saw ECO C68  32 that 
Keres played 11.Bf4.}  c4 14.Be3 Bb4 15.Rad1 f5 
16.f3 cxb3 17.axb3 Rhe8 18.Rxd8+ Rxd8 19.h3 b6 
20.g4 fxe4 21.fxe4 Rd7 22.Kg2 Bf7 23.Na4 Kb7 
24.Ng3 Bg6 25.Nf5 Rd8 26.Kf3 Re8 27.Rd1 
a5 1/2-1/2

[Event "HCL-B169"]
[Site "www.playchess.de"]
[Date "2001.04.29"]
[Round "8"]
[White "SailorMoon"]
[Black "player27"]
[WhiteElo "1200"]
[BlackElo "1461"]
[PlyCount "56"]
[Result "0-1"]

1.Nf3 {hallo}  c5 {hallo Lena, schön das du 
spielst. Auf ein Gutes}  2.e4 {ich dachte schon, 
dass du mich kennst.. - schön dass du spielst :-) 
klar spiele ich! *g*}  d6 {leider melden sich 
viele an, und ziehen dann nicht : (}  3.Qe2 {gilt 
dann das spiel als verloren, wenn man nicht 
zieht?}  Nc6 {Genau, das Spiel ist verloren, und 
der Gegenüber ärgert sich, denn ein kampfloser 
Sieg ist wertlos}  4.c3 {aber ich werde wohl nicht 
so schnell aufgeben... obwohl ich ziemlich 
schlecht im schachspielen bin:)}  Nf6 {aber das 
macht doch gar nix, leider verlieren viele den 
Mut, gegen starke Spieler erneut zu spielen}  5.e5 
{hey, das kann mir nicht passieren! ich werde dich 
wohl dann des öfteren nerven! :-)}  dxe5 {hey, 
dein letzter Zug hat mich bereits ins Nachdenken 
versetzt, das wird interessant}  6.Nxe5 {ich gebe 
mir nur selten mühe und denke nach... bin hirnfaul 
:-)}  Nxe5 {genau diese Spieler sind nicht zu 
unterschätzen  ; )}  7.f3 {:-) ich bin aber 
wirklich nicht so toll...das spiel wirds zeigen.}  
Nc6 {ups, du hast nicht zurückgeschlagen, ist der 
Nachteil,wenn das Spiel einige Zeit ruht}  8.Qe3 
{kann das sein, dass ich etwas übersehen habe? 
:-)grüsse von Lena}  b6 {mal schaun, ob ich*s 
ausgeglichen gestalten kann  : )}  9.c4 {was 
meinst du damit - "ausgegliechen"???}  Bb7 {damit 
deine fehlende Figur sich nicht so früh schon 
bemerkbar macht, musst aber gut spielen ; )}  
10.Bd3 {kann ich aber nicht! :-(}  e6 {oh doch! 
kannst du (du darfst dich jetzt nicht mit den 
stärksten messen)!}  11.g4 {ich weiß es nicht, 
lasse mal alles auf mich zukommen. verlieren ist 
nicht so schlimm. :-)))}  h6 {genau, jeder hat mal 
klein angefangen,mit der Zeit kommt Spielstärke u. 
Erfahrung}  12.Be4 {schöne grüsse von Lena! :-) 
*g*!}  Nb4 {hallo Lena, beginnst du erst mit dem 
Schachspiel,oder doch schon etwas länger- gruss 
andy}  13.Qf4 {also, eigentlich bin ich noch 
anfängerin :-) und du, spielst du schon lange?}  
Nxe4 {definitiv 15 Jahre, richtig ernst erst seit 
3J. kein Club, nur Hobbyspieler!}  14.Qe3 
{aha...und warum gehst du nicht in einen klub 
rein? wäre doch interessant!?}  Nc2+ {i. A. wenig 
Zeit, ich bin nicht abgeneigt...steht auf meinem 
Merkzettel}  15.Kd1 {:-) ich werde wohl wieder 
bald "loosen" :-)}  Nf2+ {du denkst zu 
pessimistisch! Denk an den Spielspass-ist nun 
zugegeben, schwierig- Gruss andy}  16.Qxf2 {fies - 
spielspass? spielstress wohl eher! :-) aber das 
kann ich dir ja nicht verübeln...gruß Lena}  Nxa1 
{gut- Spiel"stress" habe ich auch, ganz wichtig 
ist die Übersicht! und möglichst etwas Zeit!}  
17.Nc3 {nun, sieht aus, als sei der spielstress 
(oder auch -spass) bald zu ende! :-)}  Qf6 {tja, 
wie soll ich dich jetzt noch aufmuntern : ) 
nächste wird besser! andy}  18.b3 {ach quatsch. 
ich verliere eh alles. ich bin zu faul, richtig 
nachzudenken:-)danke dennoch,sehr lieb!}  Nxb3 
{Danke ; )  auch ich bin hin und wieder faul-da 
mache ich dann einige Tage gar keine Züge! andy}  
19.Qe3 {nach wievielen tagen ist es aus, wenn man 
kein zug macht? ist doch gefährlich, kannst 
verlieren!}  Bxf3+ {keine Sorge,denn nach jedem 
Zug werden 1-2 Tage addiert-Ich habe 39, du 31 T.} 
 20.Kc2 Nd4+ 21.Kb2 {ich will nicht mehr 
verlieren! aber genausowenig will ich denken 
:-)))}  Bxh1 {wieviele Spiele hast du zu laufen, 
und wie schaut es da aus?  andy}  22.Nd5 {überall 
schlecht :-) ich kümmere mich nicht hierum.habe im 
moment andere sorgen...gruss an dich,Andy}  Bxd5 
{wie schon gesagt, von Zeit zu Zeit wirst du dich 
steigern-habe zZ auch enorm viel Stress -gr. andy} 
 23.cxd5 {schöne grüsse! :-) Lena}  Ne2+ {danke 
und für Dich auch- und angenehmes Wochenende! 
andy}  24.Kc2 {danke, gleichfalls :-) gruß Lena}  
Qf1 { )}  25.d3 {bald ist das spiel nun zu ende 
:-)}  Bd6 {ich merke, du bist traurig- ich würde 
ja gerne Remis geben, aber...}  26.Bd2 {son 
quatsch!ich bin doch nicht traurig wegen einem 
versch...spiel!:-)und remis habe ich nicht verdie} 
 Bf4 {na dann bin ich ja beruhigt ; ) remis wäre 
ja unfair gegenüber den anderen Mitspielern}  
27.Qe4 {gegenüber den anderen? was meinst du 
damit? es wäre dir gegenüber nicht fair! :-) bye 
Lena}  Nd4+ {doch, denn mit remis könnte ich 
leben-aber ich müsste dann allen anderen 
Verlierern auch remis geben}  28.Kb2 {achso... so 
meinst du das... :-) müsstest du nicht, kannst ja 
nur mir geben ;-)}  Bxd2 {neee, so kurz vor dem 
Matt nicht meht *g*}  0-1

[Event "HCL-A074"]
[Site "www.playchess.de"]
[Date "2001.04.29"]
[Round "3"]
[White "HAWAIIANhost"]
[Black "Hubble"]
[WhiteElo "1700"]
[BlackElo "1625"]
[PlyCount "50"]
[Result "0-1"]

1.d3 d5 2.e4 dxe4 3.Be3 exd3 4.Bxd3 Nf6 5.Nc3 e6 
6.Qf3 Nc6 7.O-O-O Ne5 8.Bb5+ Ned7 9.Ne4 Be7 
10.Nxf6+ Bxf6 11.Nh3 c6 12.Bxc6 bxc6 13.Rd6 Qc7 
14.Rxc6 Qb7 15.Rd1 Qxb2+ 16.Kd2 O-O 17.Rc7 Ba6 
18.Ke1 Bc3+ 19.Bd2 Bxd2+ 20.Rxd2 Ne5 21.Qc3 Qb5 
22.Rd3 Nxd3+ 23.cxd3 Rfc8 24.Rxc8+ {gg}  Rxc8 
25.Qa3 Qb1+ 0-1

[Event "HCL-B172"]
[Site "www.playchess.de"]
[Date "2001.04.29"]
[Round "3"]
[White "Tass"]
[Black "jalal"]
[WhiteElo "1377"]
[BlackElo "1500"]
[PlyCount "58"]
[Result "0-1"]

1.e4 e5 2.Nf3 Nc6 3.d4 exd4 4.Nxd4 Nxd4 5.Qxd4 Ne7 
6.Nc3 d6 7.Be2 Nc6 8.Qd1 g6 9.O-O Bg7 10.Bd2 O-O 
11.Bc4 Be6 12.Bd5 Qd7 13.Qe2 Bxd5 14.exd5 Rfe8 
15.Qb5 Ne5 16.Rfe1 a6 17.Qa4 {Sorry for the 
delay!}  Qxa4 18.Nxa4 b5 19.Nc3 Nc4 20.Bf4 Nxb2 
21.Ne4 Nc4 22.Rad1 h6 23.Kf1 g5 24.Bg3 f5 25.Bxd6 
cxd6 26.Ng3 f4 27.Nf5 Kf7 28.g4 fxg3 29.hxg3 
Bf8 0-1

[Event "HCL-M006"]
[Site "www.playchess.de"]
[Date "2001.04.29"]
[Round "22"]
[White "Zsozso"]
[Black "VladTepesh"]
[WhiteElo "2200"]
[BlackElo "2200"]
[PlyCount "37"]
[Result "1-0"]

1.e4 {Hello, good luck!}  d6 {prepare to be 
impaled on my pike}  2.d4 {Let's see.}  Nc6 {my 
fair opponet just commited suicide}  3.d5 e5 {your 
move}  4.dxc6 bxc6 {Iguess if you would move more 
oftenI would be into it.}  5.Bc4 Be6 {your move}  
6.Bxe6 fxe6 {your move}  7.Nf3 Qf6 8.O-O Ne7 {your 
move}  9.Nc3 Ng6 {your move}  10.Qd3 Nf4 {your 
move}  11.Bxf4 exf4 {That was very nice of you 
please do it again knight for bishop 
OKKK....................Iwant more.}  12.e5 {No 
more bishop.}  dxe5 {Its OK Im not realy not that 
good Iplayed in CYA longTimeAgo.GO}  13.Qc4 {What 
does CYA mean?}  e4 {CYA means cover your ASS or 
california youth authority BAD PLACE to be your 
move.}  14.Qxc6+ {I see.}  Kf7 {your move}  
15.Nxe4 Qf5 {just like that huh you put me in 
check.Thats not very nice.}  16.Qxa8 Qxe4 
{yourmove dude}  17.Qxe4 Bc5 {im ready to lose}  
18.Ng5+ Kf6 19.Qxf4+ 1-0

[Event "ACL-A089"]
[Site "www.playchess.de"]
[Date "2001.04.29"]
[Round "13"]
[White "Yogibear"]
[Black "a101yi8"]
[WhiteElo "1826"]
[BlackElo "1500"]
[PlyCount "73"]
[Result "1-0"]

1.c4 {hello-have a nice game!}  g6 2.g3 c6 3.Bg2 
Bg7 4.Nc3 Nf6 5.d4 d5 6.Qb3 dxc4 7.Qxc4 Nbd7 8.Nf3 
O-O 9.O-O Nb6 10.Qd3 Re8 11.Rd1 Bg4 12.Ne5 Be6 
13.b3 Nfd7 14.Nf3 c5 15.Be3 c4 16.Qc2 cxb3 17.axb3 
Rc8 18.Qb2 a6 19.Ng5 Qc7 20.Nxe6 fxe6 21.Rdc1 e5 
22.Ne4 Qb8 23.Bh3 e6 24.Rxc8 Nxc8 25.d5 Nf8 26.Qd2 
Rd8 27.Bg5 Rd7 28.Nc5 Rd6 29.Nxe6 Nxe6 30.Bxe6+ 
Kh8 31.Rc1 Nb6 32.Be7 h6 33.Bxd6 Qxd6 34.Qc2 Qa3 
35.d6 {sorry for the holidays-delay! No it runs 
quicker! Greetings!}  Qxd6 36.Qxg6 Qd8 
37.Rc7 1-0

[Event "ACL-A104"]
[Site "www.playchess.de"]
[Date "2001.04.29"]
[Round "3"]
[White "guerino"]
[Black "Gruhni"]
[WhiteElo "1199"]
[BlackElo "1421"]
[PlyCount "70"]
[Result "0-1"]

1.e4 c5 2.Nf3 Nc6 3.d4 e6 4.dxc5 Bxc5 5.Be2 Nf6 
6.Bg5 h6 7.Bh4 g5 8.Bg3 d6 9.a3 e5 10.h3 Nxe4 
11.Bh2 Nxf2 12.Qd2 Nxh1 13.Nc3 Be6 14.O-O-O Nf2 
15.Rf1 Nxh3 16.gxh3 Bxh3 17.Rd1 Bg4 18.Ne4 Bxf3 
19.Bxf3 Nd4 20.Bh5 O-O 21.Rf1 f5 22.Nxc5 Qc7 
23.Nd3 Nb3+ 24.Kd1 Nxd2 25.Kxd2 Rac8 26.c3 g4 
27.Bg3 Qb6 28.Kc2 Qe3 29.Be1 Qe2+ 30.Kb3 Qxf1 
31.Bg6 Qxd3 32.Bh4 Rc6 33.Be7 Rb6+ 34.Ka2 Qc2 
35.Bh4 Qxb2+ 0-1

[Event "ACL-A111"]
[Site "www.playchess.de"]
[Date "2001.04.29"]
[Round "2"]
[White "Vitalee"]
[Black "Morpheus"]
[WhiteElo "1502"]
[BlackElo "1448"]
[PlyCount "59"]
[Result "1-0"]

1.e4 {Hallo und viel Glück!}  c5 2.Nf3 Nc6 3.d4 
cxd4 4.Nxd4 e5 5.Nb5 d6 6.c4 a6 7.N5a3 Nf6 8.Nc3 
Be7 9.Be2 O-O 10.O-O Be6 11.Be3 Rc8 12.Nc2 h6 
13.b3 Ne8 14.Nd5 f5 15.f3 Nf6 16.Qd3 fxe4 17.fxe4 
Nd7 18.Rxf8+ Bxf8 19.Bf3 Rb8 20.Ncb4 a5 21.Nxc6 
bxc6 22.Nc3 Nf6 23.Rd1 Ng4 24.Bc5 Be7 25.Bxd6 Rb7 
26.Bxe7 Qxd3 27.Rxd3 Rxe7 28.Rd6 Bd7 29.Bxg4 Bxg4 
30.Rxc6 1-0

[Event "ACL-A118"]
[Site "www.playchess.de"]
[Date "2001.04.29"]
[Round "4"]
[White "fighter"]
[Black "chessnut"]
[WhiteElo "1527"]
[BlackElo "1951"]
[PlyCount "72"]
[Result "0-1"]

1.e4 e6 2.c4 d5 3.e5 c5 4.Nf3 Nc6 5.Nc3 d4 6.Ne4 
Qc7 7.d3 Nxe5 8.Bf4 Nxd3+ 9.Bxd3 Qxf4 10.Nxc5 Bxc5 
11.O-O Bd7 12.a3 Bc6 13.b4 Bd6 14.Re1 Bxf3 15.Qxf3 
Qxf3 16.gxf3 Nf6 17.c5 Bf4 18.Rad1 O-O-O 19.a4 Nd5 
20.Re4 e5 21.b5 Nc3 22.Rc1 Nxe4 23.Rc2 Nc3 24.a5 
Rd5 25.c6 bxc6 26.bxc6 Rxa5 27.Rb2 Kc7 28.Rb7+ 
Kxc6 29.Rxf7 Ra1+ 30.Kg2 g6 31.Kh3 a5 32.Bc4 Rg1 
33.Rf6+ Kc5 34.Bd3 Nd1 35.Be4 Nxf2+ 36.Kh4 
Bg5+ 0-1

[Event "HCL-A084"]
[Site "www.playchess.de"]
[Date "2001.04.29"]
[Round "18"]
[White "Blitzmich"]
[Black "Wolf"]
[WhiteElo "1841"]
[BlackElo "1700"]
[PlyCount "55"]
[Result "1-0"]

1.d4 {Hi Wolf, I hope we have fun!}  Nf6 2.c4 c5 
3.d5 g6 4.Nc3 Bg7 5.e4 d6 6.Nf3 e6 7.dxe6 Bxe6 
8.Bf4 Nc6 9.Qxd6 Qxd6 10.Bxd6 b6 11.Rd1 O-O-O 
12.Ng5 Nd4 13.Nxe6 fxe6 14.Be5 Nc2+ 15.Ke2 Nd4+ 
16.Bxd4 cxd4 17.Nb5 Nxe4 18.Nxa7+ Kb7 19.Nb5 d3+ 
20.Ke3 Nc5 21.b4 Na6 22.Bxd3 Nxb4 23.Be4+ Nc6 
24.Rd6 Rxd6 25.Nxd6+ Kc7 26.Nb5+ Kb7 27.Rd1 Be5 
28.Rd7+ 1-0

[Event "HCL-B235"]
[Site "www.playchess.de"]
[Date "2001.04.29"]
[Round "4"]
[White "ric"]
[Black "Mother_Teresa"]
[WhiteElo "1500"]
[BlackElo "1193"]
[PlyCount "34"]
[Result "0-1"]

1.e4 e5 2.d4 exd4 3.Qxd4 Nc6 4.Qd1 Nf6 5.Bd3 Bc5 
6.Bg5 O-O 7.Nf3 h6 8.O-O hxg5 9.Nxg5 d6 10.Qe1 Bg4 
11.Nc3 Ne5 12.Nd5 Nxd5 13.Nxf7 Rxf7 14.exd5 Nxd3 
15.cxd3 Qf8 16.a3 Re8 17.Qd2 Re2 0-1

[Event "HCL-A106"]
[Site "www.playchess.de"]
[Date "2001.04.29"]
[Round "18"]
[White "karsten"]
[Black "Jethroo7"]
[WhiteElo "1700"]
[BlackElo "1900"]
[PlyCount "22"]
[Result "0-1"]

1.e4 c5 2.Bc4 Nc6 3.Nc3 g6 {WIE GEHTS?}  4.d3 {mir 
geht es gut. aber woher kannst du deutsch?}  Bg7 
5.Bg5 h6 6.Bh4 g5 {LEBE NEBEN DIE GRENZE}  7.Bg3 
d6 8.h4 g4 9.h5 Qa5 10.Nge2 Nd4 11.Qd2 
Be6 0-1

[Event "ACL-A126"]
[Site "www.playchess.de"]
[Date "2001.04.29"]
[Round "12"]
[White "Danielqb"]
[Black "badplayer"]
[WhiteElo "1500"]
[BlackElo "1500"]
[PlyCount "56"]
[Result "0-1"]

1.e4 {do you are from India, really?}  e5 {yes 
where u from?}  2.Nf3 {i am from brasil.}  Nc6 
3.Bc4 h6 {i am from delhi. your city/place?}  4.d4 
{i'm from Maringá/Paraná/Brasil.}  exd4 5.Nxd4 Nf6 
6.Nc3 Bb4 7.Nf5 Nxe4 8.Nxg7+ Kf8 9.Bd2 Bxc3 
10.Bxc3 Nxc3 11.Qf3 Qe7+ 12.Ne6+ dxe6 13.Qxc3 e5 
14.O-O Be6 15.Rfe1 Bxc4 16.Qxc4 Rg8 17.g3 Nd4 
18.Qd5 c6 19.Qe4 f5 20.Qd3 Rd8 21.c3 e4 22.Rad1 
exd3 23.Rxe7 Kxe7 24.Rxd3 Ne2+ 25.Kf1 Rxd3 26.Kxe2 
Rgd8 27.Kf1 R3d2 28.Kg2 Rxb2 0-1

[Event "HCL-B243"]
[Site "www.playchess.de"]
[Date "2001.04.29"]
[Round "10"]
[White "scylla"]
[Black "Flay"]
[WhiteElo "1500"]
[BlackElo "1295"]
[PlyCount "69"]
[Result "1-0"]

1.d4 Nf6 2.c4 g6 3.Nc3 d6 4.e4 e5 5.dxe5 dxe5 
6.Qxd8+ Kxd8 7.Bg5 Bg7 8.Nd5 Nbd7 9.Rd1 Re8 
10.Nxf6 Bxf6 11.Bxf6+ Re7 12.Nf3 Ke8 13.Bxe7 Kxe7 
14.Rxd7+ Bxd7 15.Nxe5 Rd8 {You got me in really 
deep trouble:) Nice played}  16.Nxd7 {it'll be 
very hard for you to draw}  Rxd7 {I have been on 
holiday with lot of snow and sun. I have skiing..} 
 17.b3 Rd6 18.Be2 Ra6 19.a4 c5 20.O-O Rd6 21.Rd1 
Rxd1+ 22.Bxd1 Ke6 23.Kf1 Ke5 24.f3 f5 25.exf5 Kxf5 
26.Kf2 Ke5 27.Ke3 a6 28.h4 h5 {You have played 
good, I am in reel truble and I can not see how I 
can win over you. but....:)}  29.Bc2 Kf6 30.Kf4 b6 
31.g4 hxg4 32.fxg4 a5 33.h5 gxh5 34.gxh5 Kg7 
35.Ke5 1-0

[Event "HCL-B233"]
[Site "www.playchess.de"]
[Date "2001.04.29"]
[Round "4"]
[White "sonnygarcia"]
[Black "Emilson"]
[WhiteElo "1117"]
[BlackElo "1500"]
[PlyCount "23"]
[Result "1-0"]

1.e4 c5 2.c3 e6 3.d4 cxd4 4.cxd4 Nf6 5.e5 Nd5 
6.Nc3 Bb4 7.Bd2 Qa5 8.Nxd5 Bxd2+ 9.Qxd2 Qxd2+ 
10.Kxd2 exd5 11.Bd3 Nc6 12.Nf3 1-0

[Event "HCL-E044"]
[Site "www.playchess.de"]
[Date "2001.04.29"]
[Round "2"]
[White "kondor"]
[Black "paule"]
[WhiteElo "1740"]
[BlackElo "2078"]
[PlyCount "20"]
[Result "0-1"]

1.c4 e5 2.Nc3 f5 3.g3 Nf6 4.Bg2 g6 5.e3 Bg7 6.Nge2 
O-O 7.d4 e4 8.h4 d6 9.Nf4 Bh6 10.Bf1 
Nc6 0-1

[Event "HCL-E040"]
[Site "www.playchess.de"]
[Date "2001.04.29"]
[Round "5"]
[White "kondor"]
[Black "paule"]
[WhiteElo "1740"]
[BlackElo "2078"]
[PlyCount "20"]
[Result "0-1"]

1.e4 e6 2.d4 d5 3.Nd2 c5 4.exd5 Qxd5 5.Ngf3 cxd4 
6.Bc4 Qd6 7.O-O Nf6 8.Nb3 Nc6 9.Nbxd4 Nxd4 10.Nxd4 
Bd7 0-1

[Event "HCL-E043"]
[Site "www.playchess.de"]
[Date "2001.04.29"]
[Round "1"]
[White "paule"]
[Black "Belka"]
[WhiteElo "2078"]
[BlackElo "1819"]
[PlyCount "24"]
[Result "1/2-1/2"]

1.e4 {Hi!}  c6 {Hi!}  2.d4 d5 3.Nc3 dxe4 4.Nxe4 
Bf5 5.Ng3 Bg6 6.h4 h6 7.h5 Bh7 8.Nf3 e6 9.Bd3 Bxd3 
10.Qxd3 Nd7 11.Bf4 Qa5+ 12.Bd2 
Qc7 1/2-1/2

[Event "HCL-C239"]
[Site "www.playchess.de"]
[Date "2001.04.29"]
[Round "4"]
[White "sonnyspock"]
[Black "fossa"]
[WhiteElo "1108"]
[BlackElo "763"]
[PlyCount "54"]
[Result "0-1"]

1.e4 e6 2.d4 c5 3.c3 Nf6 4.Bg5 Qb6 5.b3 Nxe4 6.Nf3 
h6 7.dxc5 Qxc5 8.Be3 Qc6 9.Bd3 Nxc3 10.Nxc3 Qxc3+ 
11.Kf1 Nc6 12.Rc1 Qa5 13.h4 Qxa2 14.Rh3 b6 15.Be4 
Ba6+ 16.Kg1 Be7 17.Nh2 O-O 18.Qg4 f5 19.Bxf5 exf5 
20.Qg6 Rf6 21.Qg3 Qb2 22.Qc7 Rd6 23.Rxc6 Rc8 
24.Qxa7 Qb1+ 25.Nf1 Qxf1+ 26.Kh2 Rcxc6 27.Qxa6 
Qxa6 0-1

[Event "HCL-E040"]
[Site "www.playchess.de"]
[Date "2001.04.29"]
[Round "8"]
[White "paule"]
[Black "Belka"]
[WhiteElo "2078"]
[BlackElo "1819"]
[PlyCount "24"]
[Result "1/2-1/2"]

1.e4 {Hi!}  e5 2.Nf3 Nc6 3.Bb5 a6 4.Ba4 Nf6 5.O-O 
Be7 6.Re1 b5 7.Bb3 d6 8.c3 O-O 9.h3 Bb7 10.d4 Re8 
11.Nbd2 Bf8 12.d5 Ne7 1/2-1/2

[Event "HCL-E045"]
[Site "www.playchess.de"]
[Date "2001.04.29"]
[Round "2"]
[White "kondor"]
[Black "paule"]
[WhiteElo "1740"]
[BlackElo "2078"]
[PlyCount "20"]
[Result "0-1"]

1.d4 Nf6 2.c4 c5 3.d5 e6 4.Nc3 exd5 5.cxd5 d6 6.e4 
g6 7.Bd3 Bg7 8.Nge2 O-O 9.O-O b6 10.h3 
Ba6 0-1

[Event "HCL-E043"]
[Site "www.playchess.de"]
[Date "2001.04.29"]
[Round "7"]
[White "VELEROFONTIS"]
[Black "paule"]
[WhiteElo "2000"]
[BlackElo "2078"]
[PlyCount "26"]
[Result "0-1"]

1.Nc3 {good luck!! hello from greece,what's going 
on russia?}  e5 {Hello from Russia! In Russia 
all..ok? bad? I think,the life is not very god, 
but I'm in Russia.:)}  2.e4 Nf6 3.g3 d5 4.exd5 
Nxd5 5.Bg2 Nxc3 6.bxc3 Bd6 7.Nf3 O-O 8.O-O Nc6 
9.d3 Bg4 10.h3 Bh5 11.Be3 f5 12.Bg5 Bxf3 13.Bxd8 
Bxd1 0-1

[Event "HCL-E043"]
[Site "www.playchess.de"]
[Date "2001.04.29"]
[Round "9"]
[White "VELEROFONTIS"]
[Black "Avva"]
[WhiteElo "2000"]
[BlackElo "1932"]
[PlyCount "21"]
[Result "1-0"]

1.Nc3 d5 2.e4 d4 3.Nce2 e5 4.Ng3 c5 5.Nf3 Bd6 
6.Bc4 Nf6 7.d3 Nc6 8.a3 b5 9.Ba2 O-O 10.O-O Bb7 
11.Nh4 1-0

[Event "ACL-A127"]
[Site "www.playchess.de"]
[Date "2001.04.29"]
[Round "35"]
[White "Edik"]
[Black "Geoffrey16"]
[WhiteElo "1724"]
[BlackElo "1500"]
[PlyCount "25"]
[Result "1-0"]

1.e4 c5 2.Nc3 Nc6 3.g3 g6 4.Bg2 Bg7 5.f4 b6 6.Nf3 
d6 7.h3 Bb7 8.d3 e5 9.fxe5 Nxe5 10.O-O Nf6 11.Bf4 
O-O 12.Nxe5 dxe5 13.Bxe5 1-0

[Event "HCL-A107"]
[Site "www.playchess.de"]
[Date "2001.04.29"]
[Round "3"]
[White "Geoffrey16"]
[Black "Kaiko"]
[WhiteElo "1820"]
[BlackElo "1916"]
[PlyCount "20"]
[Result "0-1"]

1.e4 c5 2.Nf3 Nc6 3.d4 cxd4 4.Nxd4 g6 5.Nc3 Bg7 
6.Nxc6 bxc6 7.Bd2 Rb8 8.Rb1 d5 9.exd5 cxd5 10.Qf3 
Nf6 0-1

[Event "HCL-A113"]
[Site "www.playchess.de"]
[Date "2001.04.29"]
[Round "30"]
[White "easykiller"]
[Black "Geoffrey16"]
[WhiteElo "1910"]
[BlackElo "1820"]
[PlyCount "27"]
[Result "1-0"]

1.d4 {Hi from Slovakia}  d5 {hi from philippines.} 
 2.Nf3 Nf6 3.c4 e6 4.g3 Bb4+ 5.Bd2 Bxd2+ 6.Nbxd2 
Nc6 7.e3 O-O 8.Bg2 dxc4 9.Nxc4 Ne7 10.O-O Ng6 
11.Rc1 a6 12.Qc2 Re8 13.Nce5 Nxe5 
14.Nxe5 1-0

[Event "HCL-B259"]
[Site "www.playchess.de"]
[Date "2001.04.29"]
[Round "23"]
[White "PAO_4EVER"]
[Black "scd119"]
[WhiteElo "1200"]
[BlackElo "1898"]
[PlyCount "46"]
[Result "0-1"]

1.e4 e5 2.Nf3 Nc6 3.Bc4 Bc5 4.d3 Nf6 5.Bg5 d6 
6.Nc3 h6 7.Bh4 g5 8.Bg3 Qe7 9.h3 Be6 10.Bxe6 fxe6 
11.O-O O-O-O 12.Qe2 g4 13.hxg4 Nxg4 14.a3 Qg7 
15.b4 Nd4 16.Nxd4 Bxd4 17.Qd2 Rhg8 18.Nb5 Bxa1 
19.Rxa1 a6 20.Nc3 Nxf2 21.Qxf2 Rdf8 22.Qe3 Qxg3 
23.Qxg3 Rxg3 0-1

[Event "HCL-A116"]
[Site "www.playchess.de"]
[Date "2001.04.29"]
[Round "17"]
[White "Valvand"]
[Black "vrad"]
[WhiteElo "1600"]
[BlackElo "1890"]
[PlyCount "20"]
[Result "0-1"]

1.e4 e5 2.Nf3 Nc6 3.Bc4 Nf6 4.Nc3 Be7 5.O-O O-O 
6.d3 d6 7.Bd2 Bg4 8.Kh1 Nd4 9.Rg1 c6 10.Be3 
d5 0-1

[Event "HCL-C266"]
[Site "www.playchess.de"]
[Date "2001.04.29"]
[Round "6"]
[White "GT07"]
[Black "Kakourim"]
[WhiteElo "1000"]
[BlackElo "1000"]
[PlyCount "27"]
[Result "1-0"]

1.e4 c5 2.Qf3 Nc6 3.Bc4 Ne5 4.Qb3 Nxc4 5.Qxc4 d6 
6.Nf3 e6 7.Nc3 Nf6 8.d3 Bd7 9.Bg5 a6 10.O-O-O b5 
11.Qb3 Be7 {i must go now!please accept my draw!}  
12.a3 O-O 13.e5 dxe5 14.Nxe5 1-0

[Event "HCL-C271"]
[Site "www.playchess.de"]
[Date "2001.04.29"]
[Round "7"]
[White "Stephen21"]
[Black "Joni"]
[WhiteElo "1175"]
[BlackElo "1000"]
[PlyCount "25"]
[Result "1-0"]

1.g3 d5 2.Bg2 Nf6 3.d4 Bf5 4.Nc3 Nbd7 5.Nxd5 e6 
6.Ne3 Nb6 7.Bxb7 Rb8 8.Bc6+ Ke7 9.Nxf5+ exf5 10.b3 
Qd6 11.Bg2 Kd8 12.Nh3 Qd5 13.Bxd5 1-0